| 000 | 00362 a2200145 4500 | ||
|---|---|---|---|
| 001 | 158914 | ||
| 020 | _a | ||
| 040 | _cMagnum | ||
| 100 | _aTia Regina | ||
| 240 | 1 | 0 |
_aHistorias e lendas do brasil v.2/contos terra do ouro _lpor |
| 245 | 1 | 0 | _aHistorias e lendas do brasil v.2/contos terra do ouro |
| 362 | 0 | _a1899 | |
| 697 | _aMAGNITO: COLECAO | ||
| 942 | _cBK | ||
| 999 |
_c158914 _d158914 |
||